Cyclisme: Top 30 du Giro / Tour d'Italie 2022 - Statistiques

Statistiques générales
  • Ce quiz a été pris 430 fois
  • Le résultat moyen est 13 sur 30
Statistiques - réponses
Pos Équipe Coureur % Correct
1er BORA-hansgrohe Jai Hindley
93%
3ème Bahrain Victorious Mikel Landa
85%
2ème INEOS Grenadiers Richard Carapaz
85%
14ème Cofidis Guillaume Martin
80%
4ème Astana Qazaqstan Team Vincenzo Nibali
71%
10ème Trek-Segafredo Juan Pedro Lopez
65%
5ème Bahrain Victorious Pello Bilbao
63%
6ème Intermarché-Wanty-Gobert Jan Hirt
57%
8ème Intermarché-Wanty-Gobert Domenico Pozzovivo
54%
11ème Movistar Team Alejandro Valverde
52%
7ème BORA-hansgrohe Emanuel Buchmann
52%
15ème EOLO-Kometa Cycling Team Lorenzo Fortunato
52%
19ème BORA-hansgrohe Lennard Kämna
50%
9ème EF Education-EasyPost Hugh Carthy
46%
18ème Team DSM Thymen Arensman
45%
17ème BORA-hansgrohe Wilco Kelderman
45%
25ème Trek-Segafredo Giulio Ciccone
43%
26ème Trek-Segafredo Bauke Mollema
37%
16ème INEOS Grenadiers Pavel Sivakov
36%
12ème Bahrain Victorious Santiago Buitrago
34%
13ème Team BikeExchange-Jayco Lucas Hamilton
29%
21ème Jumbo-Visma Koen Bouwman
28%
30ème Quick-Step Alpha Vinyl Team Mauri Vansevenant
19%
20ème Jumbo-Visma Sam Oomen
18%
23ème AG2R Citroën Team Mikaël Chérel
17%
27ème Movistar Team Antonio Pedrero
14%
22ème Astana Qazaqstan Team Joe Dombrowski
12%
28ème Jumbo-Visma Gijs Leemreize
11%
29ème Astana Qazaqstan Team Vadim Pronskiy
8%
24ème Bardiani CSF Faizanè Luca Covili
7%
Aucun quiz correspondant
Distribution des résultats
% des personnes avec chaque résultat
Percentile par nombre de réponses
Votre historique - résultats
Vous n’avez pas pris ce quiz